000 00335nam a22001217a 4500
008 160506b xxu||||| |||| 00| 0 eng d
020 _a9780721697758
020 _a0721697755
041 _aeng
080 _a61
245 _aPhysical examination health assessment:
_cCarolyn Jarvis;Jeannine Forrest; Daniel J. Sherdan;
942 _2udc
_cBK
999 _c1839
_d1839